Hóa học đại cương Dùng cho sinh viên không thuộc chuyên ngành hóa

Đã lưu trong:
Chi tiết về thư mục
Tác giả chính: Lâm Ngọc Thêm (Tác giả)
Định dạng: Sách
Ngôn ngữ:Vietnamese
Được phát hành: H. Đại học Quốc Gia 2008
Các nhãn: Thêm thẻ
Không có thẻ, Là người đầu tiên thẻ bản ghi này!
Thư viện lưu trữ: Mạng thư viện Đại học Đà Nẵng
LEADER 00714nam a2200253 4500
001 000016382
003 12784
005 20121012091028.0
008 121012s2008 viesd
020 |c 48500 
041 0 |a vie 
082 |a 541  |b LÂ- T 
100 0 |a Lâm Ngọc Thêm  |e Tác giả 
245 0 |a Hóa học đại cương  |b Dùng cho sinh viên không thuộc chuyên ngành hóa  |c Lâm Ngọc Thêm; Bùi Duy Cam 
260 |a H.  |b Đại học Quốc Gia  |c 2008 
300 |a 331tr  |c 24cm 
OWN |a LSP 
999 |a From the UDN01 
TYP |a Monograph 
TYP |a Printed language 
980 |a Mạng thư viện Đại học Đà Nẵng